[Event "Bergamo Province-ch"]
[Site "Bergamo"]
[Date "2005.11.25"]
[Round "8"]
[White "Riggio, Mauro"]
[Black "Gucciardo, Salvatore"]
[Result "0-1"]
[WhiteElo "1874"]
[BlackElo "1440"]
[PlyCount "78"]
[EventDate "2005.10.07"]
[EventType "swiss"]
[EventRounds "8"]
[EventCountry "ITA"]
[SourceTitle "EXT 2023"]
[Source "ChessBase"]
[SourceDate "2022.10.05"]
[SourceVersion "1"]
[SourceVersionDate "2022.10.05"]
[SourceQuality "1"]

1. e4 e6 2. d4 d5 3. e5 c5 4. c3 Nc6 5. Be3 cxd4 6. cxd4 Qb6 7. Qd2 Bb4 8. Nc3 Nge7 9. Bd3 Bd7 10. Nf3 Rc8 11. Rc1 Na5 12. 0-0 Nc4 13. Qe2 Qa5 14. a3 Nxa3 15. Ra1 Qb6 16. Na2 Nc4 17. Nxb4 Qxb4 18. Rxa7 Bc6 19. Rc1 Nxe3 20. fxe3 0-0 21. Rca1 g6 22. R7a2 f5 23. Qf2 Bd7 24. Qh4 Nc6 25. Qh6 Qe7 26. Bb5 Qg7 27. Qh4 Nxe5 28. Nxe5 Bxb5 29. Ra7 Rc7 30. Ra8 Rcc8 31. R8a5 Ba6 32. Qf2 Rc7 33. b4 Rfc8 34. h3 Rc2 35. Qe1 Re2 36. Qg3 Rb2 37. Nd3 Bxd3 38. Ra8 Rbc2 39. Rb8 Qc7 0-1

[Event "Bergamo Province-ch"]
[Site "Bergamo"]
[Date "2005.10.21"]
[Round "3"]
[White "Gucciardo, Salvatore"]
[Black "Scarpellini, Felice"]
[Result "1/2-1/2"]
[WhiteElo "1440"]
[BlackElo "1948"]
[PlyCount "30"]
[EventDate "2005.10.07"]
[EventType "swiss"]
[EventRounds "8"]
[EventCountry "ITA"]
[SourceTitle "EXT 2023"]
[Source "ChessBase"]
[SourceDate "2022.10.05"]
[SourceVersion "1"]
[SourceVersionDate "2022.10.05"]
[SourceQuality "1"]

1. e4 d6 2. d4 g6 3. Nf3 Bg7 4. h3 c6 5. Be3 Nf6 6. Nbd2 Nbd7 7. c3 0-0 8. Be2 e5 9. dxe5 dxe5 10. 0-0 b5 11. a4 Bb7 12. Qc2 a6 13. b4 Qe7 14. Nb3 Rfc8 15. Nfd2 Bf8 1/2-1/2